Geography Click Chain #10 - Statistics

General Stats
  • This quiz has been taken 62 times
  • The average score is 3 of 5
Answer Stats
Hint Answer % Correct
The coldest ever recorded temperature in France is… -41.0°C (-41.8°F)
98%
Which is a subdivision in the nation… Russia
86%
Whose GDP per capita is closest to the country… Cuba
69%
Which is a region in the subdivision… Sakha Republic
50%
Which is the warmest ever recorded temperature in… Oymyakon
43%
No matching quizzes found
Score Distribution
Percent of People with Each Score
Percentile by Number Answered
Your Score History
You have not taken this quiz